| 000 | 00455cam a2200193u 4500 | ||
|---|---|---|---|
| 001 | 7792472 | ||
| 005 | 20180205083056.0 | ||
| 008 | 810330s1922 nyu 000 0 eng | ||
| 010 | _a 24005701 | ||
| 040 |
_aDLC _cCarP _dDLC |
||
| 041 | _aeng | ||
| 080 | _a82 COO | ||
| 082 | _a82 COO | ||
| 100 | 1 | _a21 | |
| 101 | _aGJL | ||
| 245 | 1 | 3 | _aAn Aristotelian theory of comedy, |
| 906 |
_a0 _bcbc _cpremunv _du _encip _f19 _gy-gencatlg |
||
| 942 |
_2ddc _cBK |
||
| 999 |
_c41811 _d41811 |
||